[Event "OEISM 0818 BLMM"]
[Site "austriablmm"]
[Date "2020.12.12"]
[Round "7"]
[White "Schragerlaufer"]
[Black "Uhtred08"]
[Result "0-1"]
[WhiteElo "1434"]
[BlackElo "1462"]
[Annotator "NA"]
[PlyCount "132"]
[EventDate "2020.12.12"]
[EventType "blitz"]

1. e4 {[%emt 0:00:06]} e5 {[%emt 0:00:04]} 2. Nf3 {[%emt 0:00:02]} Nc6 {[%emt 0:00:03]} 3. Bc4 {[%emt 0:00:02]} Bc5 {[%emt 0:00:03]} 4. d3 {[%emt 0:00:03]} d6 {[%emt 0:00:06]} 5. Nc3 {[%emt 0:00:04]} Nf6 {[%emt 0:00:08]} 6. h3 {[%emt 0:00:04]} h6 {[%emt 0:00:02]} 7. O-O {[%emt 0:00:02]} O-O {[%emt 0:00:02]} 8. Be3 {[%emt 0:00:05]} Bb6 {[%emt 0:00:05]} 9. Qd2 {[%emt 0:00:08]} Be6 {[%emt 0:00:08]} 10. Bb3 {[%emt 0:00:06]} Bxe3 {[%emt 0:00:10]} 11. fxe3 {[%emt 0:00:06]} Qd7 {[%emt 0:00:05]} 12. d4 {[%emt 0:00:10]} exd4 {[%emt 0:00:02]} 13. exd4 {[%emt 0:00:01]} Bxb3 {[%emt 0:00:02]} 14. axb3 {[%emt 0:00:02]} Rfe8 {[%emt 0:00:07]} 15. Rfe1 {[%emt 0:00:06]} Rad8 {[%emt 0:00:15]} 16. d5 {[%emt 0:00:25]} Ne5 {[%emt 0:00:06]} 17. Nxe5 {[%emt 0:00:09]} Rxe5 {[%emt 0:00:09]} 18. Rxa7 {[%emt 0:00:07]} b6 {[%emt 0:00:20]} 19. Raa1 {[%emt 0:00:15]} Rg5 {[%emt 0:00:14]} 20. Kh1 {[%emt 0:00:14]} Re8 {[%emt 0:00:20]} 21. Qd3 {[%emt 0:00:34]} c6 {[%emt 0:00:29]} 22. Re2 {[%emt 0:01:22]} Rge5 {[%emt 0:00:57]} 23. Rae1 {[%emt 0:00:21]} cxd5 {[%emt 0:00:30]} 24. exd5 {[%emt 0:00:16]} Rxe2 {[%emt 0:00:11]} 25. Rxe2 {[%emt 0:00:07]} Rxe2 {[%emt 0:00:13]} 26. Qxe2 {[%emt 0:00:05]} Qf5 {[%emt 0:00:13]} 27. Qd3 {[%emt 0:00:33]} Qxd3 {[%emt 0:00:53]} 28. cxd3 {[%emt 0:00:06]} Kf8 {[%emt 0:00:05]} 29. Ne4 {[%emt 0:00:08]} Ke7 {[%emt 0:00:05]} 30. g4 {[%emt 0:01:12]} Nxe4 {[%emt 0:01:18]} 31. dxe4 {[%emt 0:00:06]} Kf6 {[%emt 0:00:01]} 32. Kg2 {[%emt 0:00:09]} Ke5 {[%emt 0:00:02]} 33. Kf3 {[%emt 0:00:04]} g6 {[%emt 0:00:08]} 34. h4 {[%emt 0:00:10]} f5 {[%emt 0:00:20]} 35. gxf5 {[%emt 0:00:31]} gxf5 {[%emt 0:00:04]} 36. exf5 {[%emt 0:00:02]} Kxf5 {[%emt 0:00:01]} 37. h5 {[%emt 0:01:41]} Ke5 {[%emt 0:01:05]} 38. Kg4 {[%emt 0:00:09]} Ke4 {[%emt 0:00:20]} 39. b4 {[%emt 0:00:26]} b5 {[%emt 0:00:02]} 40. b3 {[%emt 0:00:33]} Ke5 {[%emt 0:00:02]} 41. Kf3 {[%emt 0:00:28]} Kxd5 {[%emt 0:00:05]} 42. Kf4 {[%emt 0:00:16]} Kd4 {[%emt 0:00:04]} 43. Kf5 {[%emt 0:00:12]} d5 {[%emt 0:00:08]} 44. Kg6 {[%emt 0:00:09]} Kc3 {[%emt 0:00:01]} 45. Kxh6 {[%emt 0:00:01]} d4 {[%emt 0:00:00]} 46. Kg7 {[%emt 0:00:01]} d3 {[%emt 0:00:00]} 47. h6 {[%emt 0:00:02]} d2 {[%emt 0:00:10]} 48. h7 {[%emt 0:00:05]} d1=Q {[%emt 0:00:02]} 49. h8=Q {[%emt 0:00:03]} Qd4+ {[%emt 0:00:01]} 50. Kh7 {[%emt 0:00:12]} Qxh8+ {[%emt 0:00:02]} 51. Kxh8 {[%emt 0:00:01]} Kxb3 {[%emt 0:00:01]} 52. Kg7 {[%emt 0:00:01]} Kxb4 {[%emt 0:00:00]} 53. Kf6 {[%emt 0:00:01]} Kc3 {[%emt 0:00:01]} 54. Ke5 {[%emt 0:00:01]} b4 {[%emt 0:00:00]} 55. Ke4 {[%emt 0:00:01]} b3 {[%emt 0:00:01]} 56. Ke3 {[%emt 0:00:01]} b2 {[%emt 0:00:01]} 57. Ke2 {[%emt 0:00:01]} b1=Q {[%emt 0:00:01]} 58. Ke3 {[%emt 0:00:01]} Qd1 {[%emt 0:00:02]} 59. Ke4 {[%emt 0:00:01]} Qd4+ {[%emt 0:00:03]} 60. Kf3 {[%emt 0:00:01]} Qe5 {[%emt 0:00:01]} 61. Kg4 {[%emt 0:00:02]} Qf6 {[%emt 0:00:02]} 62. Kg3 {[%emt 0:00:02]} Kd4 {[%emt 0:00:02]} 63. Kg4 {[%emt 0:00:01]} Ke3 {[%emt 0:00:03]} 64. Kg3 {[%emt 0:00:03]} Qg7+ {[%emt 0:00:01]} 65. Kh2 {[%emt 0:00:05]} Kf2 {[%emt 0:00:03]} 66. Kh3 {[%emt 0:00:10]} Qg3# {[%emt 0:00:02] Mate Mate} 0-1

[Event "OEISM 0818 BLMM"]
[Site "austriablmm"]
[Date "2020.12.12"]
[Round "7"]
[White "Alexander Hörfarter"]
[Black "Luroe12"]
[Result "1-0"]
[WhiteElo "1421"]
[BlackElo "1455"]
[Annotator "NA"]
[PlyCount "99"]
[EventDate "2020.12.12"]
[EventType "blitz"]

1. e4 {[%emt 0:02:51]} e5 {[%emt 0:00:03]} 2. Nf3 {[%emt 0:00:05]} Nc6 {[%emt 0:00:02]} 3. Nc3 {[%emt 0:00:01]} Nf6 {[%emt 0:00:02]} 4. Bb5 {[%emt 0:00:07]} Bc5 {[%emt 0:00:07]} 5. O-O {[%emt 0:00:04]} d6 {[%emt 0:00:04]} 6. d3 {[%emt 0:00:06]} h6 {[%emt 0:00:06]} 7. Bc4 {[%emt 0:00:07]} Bg4 {[%emt 0:00:06]} 8. h3 {[%emt 0:00:06]} Bh5 {[%emt 0:00:04]} 9. Qe2 {[%emt 0:00:04]} Nd4 {[%emt 0:00:08]} 10. Qd1 {[%emt 0:00:05]} Nxf3+ {[%emt 0:00:08]} 11. gxf3 {[%emt 0:00:03]} O-O {[%emt 0:00:05]} 12. Be3 {[%emt 0:00:10]} Bxe3 {[%emt 0:00:06]} 13. fxe3 {[%emt 0:00:00]} Nd7 {[%emt 0:00:07]} 14. Qd2 {[%emt 0:00:08]} Qg5+ {[%emt 0:00:30]} 15. Kh1 {[%emt 0:00:07]} Qg3 {[%emt 0:00:24]} 16. Qh2 {[%emt 0:00:09]} Bxf3+ {[%emt 0:00:21]} 17. Rxf3 {[%emt 0:00:06]} Qxf3+ {[%emt 0:00:04]} 18. Qg2 {[%emt 0:00:01]} Qxg2+ {[%emt 0:00:02]} 19. Kxg2 {[%emt 0:00:02]} a6 {[%emt 0:00:10]} 20. Rf1 {[%emt 0:00:02]} b5 {[%emt 0:00:25]} 21. Bd5 {[%emt 0:00:17]} Rab8 {[%emt 0:00:15]} 22. Bb3 {[%emt 0:00:05]} a5 {[%emt 0:00:10]} 23. a3 {[%emt 0:00:06]} b4 {[%emt 0:00:13]} 24. axb4 {[%emt 0:00:03]} axb4 {[%emt 0:00:04]} 25. Nd5 {[%emt 0:00:02]} Nb6 {[%emt 0:00:20]} 26. Nxc7 {[%emt 0:00:08]} Rbc8 {[%emt 0:00:18]} 27. Nd5 {[%emt 0:00:03]} Nxd5 {[%emt 0:00:02]} 28. exd5 {[%emt 0:00:01]} Rce8 {[%emt 0:00:13]} 29. e4 {[%emt 0:00:02]} f6 {[%emt 0:00:26]} 30. Ba4 {[%emt 0:00:04]} Ra8 {[%emt 0:00:10]} 31. Bb3 {[%emt 0:00:06]} g5 {[%emt 0:00:04]} 32. Kg3 {[%emt 0:00:04]} h5 {[%emt 0:00:06]} 33. h4 {[%emt 0:00:02]} gxh4+ {[%emt 0:00:02]} 34. Kxh4 {[%emt 0:00:01]} Kh8 {[%emt 0:00:03]} 35. Kxh5 {[%emt 0:00:01]} Rf7 {[%emt 0:00:04]} 36. Kg6 {[%emt 0:00:02]} Raf8 {[%emt 0:00:08]} 37. Ba4 {[%emt 0:00:05]} Rg7+ {[%emt 0:00:18]} 38. Kf5 {[%emt 0:00:07]} Rg5+ {[%emt 0:00:21]} 39. Ke6 {[%emt 0:00:33]} Rgg8 {[%emt 0:00:30]} 40. Kxd6 {[%emt 0:00:03]} Rd8+ {[%emt 0:00:08]} 41. Ke7 {[%emt 0:00:02]} Rgf8 {[%emt 0:00:13]} 42. Rxf6 {[%emt 0:00:09]} Rxf6 {[%emt 0:00:02]} 43. Kxf6 {[%emt 0:00:00]} Ra8 {[%emt 0:00:05]} 44. Bb3 {[%emt 0:00:03]} Rf8+ {[%emt 0:00:03]} 45. Kxe5 {[%emt 0:00:14]} Kg7 {[%emt 0:00:04]} 46. Ke6 {[%emt 0:00:02]} Rf6+ {[%emt 0:00:09]} 47. Kd7 {[%emt 0:00:02]} Kg6 {[%emt 0:00:07]} 48. d6 {[%emt 0:00:03]} Kg7 {[%emt 0:00:13]} 49. Kc7 {[%emt 0:00:04]} Kf8 {[%emt 0:00:05]} 50. d7 {[%emt 0:00:03] Luroe12 resigns} 1-0

[Event "OEISM 0818 BLMM"]
[Site "austriablmm"]
[Date "2020.12.12"]
[Round "8"]
[White "Marc_m"]
[Black "David04"]
[Result "1/2-1/2"]
[WhiteElo "1985"]
[BlackElo "2035"]
[Annotator "NA"]
[PlyCount "56"]
[EventDate "2020.12.12"]
[EventType "blitz"]

1. e4 {[%emt 0:00:05]} c5 {[%emt 0:00:01]} 2. Nf3 {[%emt 0:00:02]} d6 {[%emt 0:00:00]} 3. Bb5+ {[%emt 0:00:02]} Nd7 {[%emt 0:00:01]} 4. O-O {[%emt 0:00:02]} Ngf6 {[%emt 0:00:01]} 5. Re1 {[%emt 0:00:01]} a6 {[%emt 0:00:04]} 6. Bf1 {[%emt 0:00:02]} b6 {[%emt 0:00:03]} 7. c4 {[%emt 0:00:03]} Bb7 {[%emt 0:00:03]} 8. Nc3 {[%emt 0:00:01]} e6 {[%emt 0:00:04]} 9. d4 {[%emt 0:00:04]} cxd4 {[%emt 0:00:02]} 10. Nxd4 {[%emt 0:00:00]} Be7 {[%emt 0:00:01]} 11. b4 {[%emt 0:00:38]} Rc8 {[%emt 0:00:13]} 12. Bb2 {[%emt 0:00:31]} O-O {[%emt 0:00:26]} 13. f4 {[%emt 0:00:10]} Qc7 {[%emt 0:00:16]} 14. a3 {[%emt 0:00:18]} Rfd8 {[%emt 0:00:10]} 15. Rc1 {[%emt 0:00:03]} Qb8 {[%emt 0:00:03]} 16. g4 {[%emt 0:01:28]} Qa8 {[%emt 0:00:23]} 17. Qe2 {[%emt 0:00:08]} Nf8 {[%emt 0:00:34]} 18. g5 {[%emt 0:00:21]} N6d7 {[%emt 0:00:06]} 19. h4 {[%emt 0:00:51]} b5 {[%emt 0:01:08]} 20. cxb5 {[%emt 0:00:31]} axb5 {[%emt 0:00:18]} 21. Ndxb5 {[%emt 0:00:23]} Nb6 {[%emt 0:00:05]} 22. Nb1 {[%emt 0:01:57]} Rxc1 {[%emt 0:00:46]} 23. Bxc1 {[%emt 0:00:50]} d5 {[%emt 0:00:11]} 24. exd5 {[%emt 0:00:36]} Nxd5 {[%emt 0:00:06]} 25. N1c3 {[%emt 0:00:22]} Nxc3 {[%emt 0:01:28]} 26. Nxc3 {[%emt 0:00:00]} Qc8 {[%emt 0:00:04]} 27. Bb2 {[%emt 0:00:34]} Ng6 {[%emt 0:00:22]} 28. Qf2 {[%emt 0:00:24]} Qc7 {[%emt 0:01:55] David04 offers a draw (Lag: Av=0.50s, max=1.5s)} 1/2-1/2

[Event "OEISM 0818 BLMM"]
[Site "austriablmm"]
[Date "2020.12.12"]
[Round "8"]
[White "CrushTheRush"]
[Black "Chessless13"]
[Result "1-0"]
[WhiteElo "1975"]
[BlackElo "1537"]
[Annotator "NA"]
[PlyCount "103"]
[EventDate "2020.12.12"]
[EventType "blitz"]

1. e4 {[%emt 0:00:06]} c5 {[%emt 0:00:02]} 2. Nf3 {[%emt 0:00:02]} Nc6 {[%emt 0:00:02]} 3. d4 {[%emt 0:00:01]} cxd4 {[%emt 0:00:02]} 4. Nxd4 {[%emt 0:00:00]} g6 {[%emt 0:00:02]} 5. Nc3 {[%emt 0:00:02]} Bg7 {[%emt 0:00:02]} 6. Be3 {[%emt 0:00:01]} Nf6 {[%emt 0:00:07]} 7. Bc4 {[%emt 0:00:02]} O-O {[%emt 0:01:19]} 8. O-O {[%emt 0:00:04]} Ng4 {[%emt 0:01:08]} 9. Nxc6 {[%emt 0:00:02]} dxc6 {[%emt 0:00:14]} 10. Bf4 {[%emt 0:00:34]} Ne5 {[%emt 0:00:40]} 11. Bb3 {[%emt 0:00:05]} Qb6 {[%emt 0:01:37]} 12. Be3 {[%emt 0:00:09]} Qc7 {[%emt 0:00:17]} 13. f3 {[%emt 0:00:02]} Rd8 {[%emt 0:00:25]} 14. Qe2 {[%emt 0:00:02]} b6 {[%emt 0:01:15]} 15. Rfd1 {[%emt 0:00:03]} Bb7 {[%emt 0:00:02]} 16. Rxd8+ {[%emt 0:00:20]} Rxd8 {[%emt 0:00:03]} 17. Rd1 {[%emt 0:00:00]} Rxd1+ {[%emt 0:00:58]} 18. Qxd1 {[%emt 0:00:00]} Qd7 {[%emt 0:00:01]} 19. Qxd7 {[%emt 0:00:34]} Nxd7 {[%emt 0:00:00]} 20. Kf2 {[%emt 0:00:01]} e6 {[%emt 0:00:59]} 21. Ke2 {[%emt 0:00:10]} Ba6+ {[%emt 0:00:01]} 22. Kd2 {[%emt 0:00:02]} Kf8 {[%emt 0:00:04]} 23. a4 {[%emt 0:00:07]} Ke7 {[%emt 0:00:14]} 24. a5 {[%emt 0:00:02]} c5 {[%emt 0:00:24]} 25. Na4 {[%emt 0:00:27]} Bb5 {[%emt 0:00:33]} 26. axb6 {[%emt 0:00:06]} axb6 {[%emt 0:00:05]} 27. c3 {[%emt 0:00:03]} Bf6 {[%emt 0:00:13]} 28. Bd1 {[%emt 0:00:08]} Bg7 {[%emt 0:00:09]} 29. b4 {[%emt 0:00:01]} cxb4 {[%emt 0:00:14]} 30. cxb4 {[%emt 0:00:00]} Be5 {[%emt 0:00:06]} 31. g3 {[%emt 0:00:10]} Bc7 {[%emt 0:00:03]} 32. f4 {[%emt 0:00:09]} Kd6 {[%emt 0:00:05]} 33. Kc3 {[%emt 0:00:08]} Kc6 {[%emt 0:00:02]} 34. e5 {[%emt 0:00:07]} Kb7 {[%emt 0:00:05]} 35. Nb2 {[%emt 0:00:04]} Nb8 {[%emt 0:00:06]} 36. Nc4 {[%emt 0:00:04]} Bxc4 {[%emt 0:00:03]} 37. Kxc4 {[%emt 0:00:00]} Bd8 {[%emt 0:00:01]} 38. Kb5 {[%emt 0:00:04]} Nc6 {[%emt 0:00:04]} 39. Bf3 {[%emt 0:00:01]} Kc7 {[%emt 0:00:03]} 40. Bxc6 {[%emt 0:00:00]} Be7 {[%emt 0:00:03]} 41. Bxb6+ {[%emt 0:00:01]} Kc8 {[%emt 0:00:01]} 42. Bc5 {[%emt 0:00:00]} Bd8 {[%emt 0:00:02]} 43. Be8 {[%emt 0:00:01]} f6 {[%emt 0:00:04]} 44. Kc6 {[%emt 0:00:05]} Kb8 {[%emt 0:00:07]} 45. b5 {[%emt 0:00:04]} f5 {[%emt 0:00:02]} 46. b6 {[%emt 0:00:02]} Ka8 {[%emt 0:00:03]} 47. b7+ {[%emt 0:00:02]} Kb8 {[%emt 0:00:01]} 48. Bd6+ {[%emt 0:00:00]} Bc7 {[%emt 0:00:09]} 49. Bxc7+ {[%emt 0:00:01]} Ka7 {[%emt 0:00:01]} 50. b8=B+ {[%emt 0:00:25]} Ka6 {[%emt 0:00:00]} 51. Bd7 {[%emt 0:00:01]} h5 {[%emt 0:00:07]} 52. Bc8# {[%emt 0:00:00] Mate Mate} 1-0

[Event "OEISM 0818 BLMM"]
[Site "austriablmm"]
[Date "2020.12.12"]
[Round "8"]
[White "Lukas-2010"]
[Black "Julian17"]
[Result "1-0"]
[WhiteElo "1921"]
[BlackElo "1824"]
[Annotator "NA"]
[PlyCount "83"]
[EventDate "2020.12.12"]
[EventType "blitz"]

1. e4 {[%emt 0:00:02]} e6 {[%emt 0:00:02]} 2. d4 {[%emt 0:00:06]} d5 {[%emt 0:00:04]} 3. Nd2 {[%emt 0:00:02]} a6 {[%emt 0:00:03]} 4. Ngf3 {[%emt 0:00:05]} Nf6 {[%emt 0:00:03]} 5. Bd3 {[%emt 0:00:03]} c5 {[%emt 0:00:17]} 6. O-O {[%emt 0:00:12]} Nc6 {[%emt 0:00:53]} 7. c3 {[%emt 0:00:10]} Be7 {[%emt 0:00:17]} 8. Re1 {[%emt 0:00:06]} O-O {[%emt 0:00:06]} 9. e5 {[%emt 0:00:13]} Nd7 {[%emt 0:00:13]} 10. Nf1 {[%emt 0:00:04]} Re8 {[%emt 0:01:26]} 11. Bb1 {[%emt 0:00:18]} Nf8 {[%emt 0:00:28]} 12. g3 {[%emt 0:00:13]} Bd7 {[%emt 0:00:43]} 13. h4 {[%emt 0:00:16]} Rc8 {[%emt 0:00:54]} 14. N1h2 {[%emt 0:00:29]} cxd4 {[%emt 0:00:27]} 15. cxd4 {[%emt 0:00:03]} f5 {[%emt 0:00:23]} 16. exf6 {[%emt 0:00:54]} Bxf6 {[%emt 0:00:03]} 17. Ng4 {[%emt 0:00:05]} b5 {[%emt 0:00:53]} 18. Nfe5 {[%emt 0:00:47]} Bxe5 {[%emt 0:00:31]} 19. dxe5 {[%emt 0:00:08]} Qb6 {[%emt 0:00:31]} 20. Nh6+ {[%emt 0:02:00]} gxh6 {[%emt 0:00:35]} 21. Qg4+ {[%emt 0:00:06]} Kh8 {[%emt 0:00:09]} 22. Bxh6 {[%emt 0:00:06]} Re7 {[%emt 0:00:05]} 23. Bg5 {[%emt 0:00:08]} Rf7 {[%emt 0:00:39]} 24. Bf6+ {[%emt 0:00:04]} Rxf6 {[%emt 0:00:04]} 25. exf6 {[%emt 0:00:00]} Ng6 {[%emt 0:00:08]} 26. Bxg6 {[%emt 0:00:05]} Rg8 {[%emt 0:00:30]} 27. f7 {[%emt 0:00:06]} Rf8 {[%emt 0:00:04]} 28. Qh5 {[%emt 0:00:03]} Kg7 {[%emt 0:00:06]} 29. Qxh7+ {[%emt 0:00:02]} Kf6 {[%emt 0:00:01]} 30. Re3 {[%emt 0:00:15]} Ke7 {[%emt 0:00:05]} 31. h5 {[%emt 0:00:13]} d4 {[%emt 0:00:05]} 32. Ree1 {[%emt 0:00:12]} Qc5 {[%emt 0:00:12]} 33. Qg7 {[%emt 0:00:07]} Nd8 {[%emt 0:00:10]} 34. h6 {[%emt 0:00:09]} Nxf7 {[%emt 0:00:19]} 35. h7 {[%emt 0:00:05]} Bc6 {[%emt 0:00:11]} 36. Bxf7 {[%emt 0:00:06]} Rxf7 {[%emt 0:00:05]} 37. Rxe6+ {[%emt 0:00:04]} Kxe6 {[%emt 0:00:04]} 38. Re1+ {[%emt 0:00:02]} Kd6 {[%emt 0:00:03]} 39. Qxf7 {[%emt 0:00:03]} Bd5 {[%emt 0:00:04]} 40. Qe7+ {[%emt 0:00:02]} Kc6 {[%emt 0:00:01]} 41. Qxc5+ {[%emt 0:00:00]} Kxc5 {[%emt 0:00:00]} 42. h8=Q {[%emt 0:00:01] Julian17 resigns} 1-0

[Event "OEISM 0818 BLMM"]
[Site "austriablmm"]
[Date "2020.12.12"]
[Round "8"]
[White "Pernerstorfer_Max"]
[Black "Beckenbauer23"]
[Result "0-1"]
[WhiteElo "1891"]
[BlackElo "2100"]
[Annotator "NA"]
[PlyCount "84"]
[EventDate "2020.12.12"]
[EventType "blitz"]

1. e4 {[%emt 0:00:02]} c5 {[%emt 0:00:22]} 2. Nf3 {[%emt 0:00:03]} g6 {[%emt 0:00:20]} 3. d4 {[%emt 0:00:06]} cxd4 {[%emt 0:00:02]} 4. Nxd4 {[%emt 0:00:00]} Bg7 {[%emt 0:00:05]} 5. Nc3 {[%emt 0:00:01]} Nc6 {[%emt 0:00:02]} 6. Be3 {[%emt 0:00:01]} Nf6 {[%emt 0:00:02]} 7. Bc4 {[%emt 0:00:01]} O-O {[%emt 0:00:03]} 8. f3 {[%emt 0:00:05]} Qb6 {[%emt 0:00:06]} 9. Qd2 {[%emt 0:03:15]} Nxe4 {[%emt 0:00:07]} 10. fxe4 {[%emt 0:00:01]} Bxd4 {[%emt 0:00:05]} 11. Bxd4 {[%emt 0:00:10]} Qxd4 {[%emt 0:00:00]} 12. Qxd4 {[%emt 0:00:14]} Nxd4 {[%emt 0:00:00]} 13. O-O-O {[%emt 0:00:02]} Nc6 {[%emt 0:00:01]} 14. Rhf1 {[%emt 0:00:18]} d6 {[%emt 0:00:31]} 15. Nd5 {[%emt 0:00:18]} Be6 {[%emt 0:00:15]} 16. Bb5 {[%emt 0:00:46]} Bxd5 {[%emt 0:00:08]} 17. exd5 {[%emt 0:00:01]} Ne5 {[%emt 0:00:01]} 18. Be2 {[%emt 0:00:01]} Rac8 {[%emt 0:00:03]} 19. Kb1 {[%emt 0:00:12]} Rc5 {[%emt 0:00:04]} 20. b3 {[%emt 0:00:06]} Rfc8 {[%emt 0:00:53]} 21. c4 {[%emt 0:00:06]} Kg7 {[%emt 0:00:33]} 22. Rc1 {[%emt 0:00:15]} R5c7 {[%emt 0:00:33]} 23. a3 {[%emt 0:00:25]} a5 {[%emt 0:00:15]} 24. Rf4 {[%emt 0:00:10]} b5 {[%emt 0:00:10]} 25. Rcf1 {[%emt 0:00:35]} bxc4 {[%emt 0:00:23]} 26. bxc4 {[%emt 0:00:03]} Rb7+ {[%emt 0:00:04]} 27. Kc2 {[%emt 0:00:09]} Rcb8 {[%emt 0:00:00]} 28. Kd2 {[%emt 0:00:02]} Rb2+ {[%emt 0:00:06]} 29. Ke1 {[%emt 0:00:09]} Ra2 {[%emt 0:00:12]} 30. Re4 {[%emt 0:00:31]} f6 {[%emt 0:01:24]} 31. Re3 {[%emt 0:00:39] Pernerstorfer_Max offers a draw} Kf7 {[%emt 0:01:53]} 32. h3 {[%emt 0:00:08]} Rbb2 {[%emt 0:00:03]} 33. c5 {[%emt 0:00:22]} dxc5 {[%emt 0:01:12]} 34. Rxe5 {[%emt 0:01:04]} Ra1+ {[%emt 0:00:07]} 35. Bd1 {[%emt 0:00:03]} Rbb1 {[%emt 0:00:04]} 36. Ke2 {[%emt 0:00:38]} Rxd1 {[%emt 0:00:01]} 37. Rxd1 {[%emt 0:00:02]} Rxd1 {[%emt 0:00:00]} 38. Kxd1 {[%emt 0:00:01]} fxe5 {[%emt 0:00:01]} 39. Ke2 {[%emt 0:00:00]} e6 {[%emt 0:00:16]} 40. d6 {[%emt 0:00:35]} Ke8 {[%emt 0:00:01]} 41. Kd3 {[%emt 0:00:00]} Kd7 {[%emt 0:00:01]} 42. Ke4 {[%emt 0:00:00]} c4 {[%emt 0:00:03] Pernerstorfer_Max resigns} 0-1

[Event "OEISM 0818 BLMM"]
[Site "austriablmm"]
[Date "2020.12.12"]
[Round "8"]
[White "Weirdo1"]
[Black "BORRMANN"]
[Result "0-1"]
[WhiteElo "1850"]
[BlackElo "1962"]
[Annotator "RC"]
[PlyCount "68"]
[EventDate "2020.12.12"]
[EventType "blitz"]

1. d4 {[%emt 0:00:01]} Nf6 {[%emt 0:00:03]} 2. Nf3 {[%emt 0:00:01]} e6 {[%emt 0:00:01]} 3. e3 {[%emt 0:00:03]} d5 {[%emt 0:00:01]} 4. c4 {[%emt 0:00:01]} c5 {[%emt 0:00:01]} 5. Nc3 {[%emt 0:00:04]} Nc6 {[%emt 0:00:03]} 6. a3 {[%emt 0:00:03]} cxd4 {[%emt 0:00:02]} 7. exd4 {[%emt 0:00:04]} Ne4 {[%emt 0:00:01] BORRMANN reconnected.} 8. cxd5 {[%emt 0:00:35]} exd5 {[%emt 0:00:11]} 9. Bb5 {[%emt 0:00:09]} Nxc3 {[%emt 0:00:08]} 10. bxc3 {[%emt 0:00:02]} Bd6 {[%emt 0:00:03]} 11. O-O {[%emt 0:00:03]} O-O {[%emt 0:00:01]} 12. Bg5 {[%emt 0:00:06]} Qc7 {[%emt 0:00:17]} 13. Qd3 {[%emt 0:00:21]} Bg4 {[%emt 0:00:14]} 14. h3 {[%emt 0:00:25]} Bh5 {[%emt 0:00:03]} 15. a4 {[%emt 0:00:09]} Na5 {[%emt 0:00:37]} 16. Qf5 {[%emt 0:01:35]} a6 {[%emt 0:00:41]} 17. Be2 {[%emt 0:00:15]} Rfe8 {[%emt 0:01:21]} 18. Rfe1 {[%emt 0:00:32]} Qc6 {[%emt 0:00:52]} 19. Rac1 {[%emt 0:01:38]} (19. Ne5 Bxe5 20. Bxh5 g6 21. Qd3) 19... Bg6 {[%emt 0:00:48]} 20. Qg4 {[%emt 0:00:25]} Re4 {[%emt 0:00:14]} 21. Bb5 {[%emt 0:01:23]} axb5 {[%emt 0:00:20]} 22. Rxe4 {[%emt 0:00:16]} dxe4 {[%emt 0:00:06]} 23. axb5 {[%emt 0:00:07]} Qxb5 {[%emt 0:00:05]} 24. Nh4 {[%emt 0:00:06]} f5 {[%emt 0:00:34]} 25. Qd1 {[%emt 0:00:24]} Bf7 {[%emt 0:00:49]} 26. Rb1 {[%emt 0:00:56]} Qd5 {[%emt 0:00:12]} 27. Qe2 {[%emt 0:00:44]} f4 {[%emt 0:00:40]} 28. Rb5 {[%emt 0:00:08]} Qc4 {[%emt 0:00:17]} 29. Qb2 {[%emt 0:00:20]} Nb3 {[%emt 0:00:18]} 30. Rb6 {[%emt 0:00:08]} Bc7 {[%emt 0:00:30]} 31. Rxb7 {[%emt 0:00:05]} Ra1+ {[%emt 0:00:06]} 32. Kh2 {[%emt 0:00:03]} f3+ {[%emt 0:00:07]} 33. g3 {[%emt 0:00:05]} Qf1 {[%emt 0:00:13] .} 34. Qxa1 {[%emt 0:00:21]} Qxa1 {[%emt 0:00:04] . Weirdo1 gibt auf (Lag: Av=0.37s, max=1.0s)} 0-1

[Event "OEISM 0818 BLMM"]
[Site "austriablmm"]
[Date "2020.12.12"]
[Round "8"]
[White "Daniel05"]
[Black "Konstantin Peyrer"]
[Result "1-0"]
[WhiteElo "1846"]
[BlackElo "2219"]
[Annotator "NA"]
[PlyCount "77"]
[EventDate "2020.12.12"]
[EventType "blitz"]

1. d4 {[%emt 0:00:02]} Nf6 {[%emt 0:00:02]} 2. c4 {[%emt 0:00:01]} c5 {[%emt 0:00:04]} 3. d5 {[%emt 0:00:01]} g6 {[%emt 0:00:05]} 4. Nc3 {[%emt 0:00:01]} Bg7 {[%emt 0:00:02]} 5. e4 {[%emt 0:00:02]} d6 {[%emt 0:00:00]} 6. h3 {[%emt 0:00:08]} O-O {[%emt 0:00:03]} 7. Nf3 {[%emt 0:00:01]} e6 {[%emt 0:00:01]} 8. Be2 {[%emt 0:00:05]} exd5 {[%emt 0:00:02]} 9. exd5 {[%emt 0:00:00]} Re8 {[%emt 0:00:02]} 10. O-O {[%emt 0:00:01]} Nbd7 {[%emt 0:00:00]} 11. Bf4 {[%emt 0:00:03]} Ne4 {[%emt 0:00:08]} 12. Nxe4 {[%emt 0:00:46]} Rxe4 {[%emt 0:00:00]} 13. Bxd6 {[%emt 0:00:01]} Qb6 {[%emt 0:00:16]} 14. Bd3 {[%emt 0:00:35]} Re8 {[%emt 0:00:03]} 15. Bg3 {[%emt 0:00:32]} Qxb2 {[%emt 0:00:03]} 16. Rb1 {[%emt 0:00:08]} Qxa2 {[%emt 0:00:02]} 17. Re1 {[%emt 0:00:07]} Rxe1+ {[%emt 0:00:04]} 18. Qxe1 {[%emt 0:00:02]} b6 {[%emt 0:00:04]} 19. Qe8+ {[%emt 0:00:23]} Nf8 {[%emt 0:00:02]} 20. Ng5 {[%emt 0:00:15]} f6 {[%emt 0:00:21]} 21. Qf7+ {[%emt 0:01:02]} Kh8 {[%emt 0:00:03]} 22. Ne6 {[%emt 0:00:02]} Bxe6 {[%emt 0:00:40]} 23. dxe6 {[%emt 0:00:00]} Qa3 {[%emt 0:00:02]} 24. Be4 {[%emt 0:00:19]} Rc8 {[%emt 0:00:03]} 25. e7 {[%emt 0:00:54]} Qa4 {[%emt 0:00:02]} 26. Bd5 {[%emt 0:00:12]} Ne6 {[%emt 0:00:14]} 27. Qxe6 {[%emt 0:00:37]} Qe8 {[%emt 0:00:25]} 28. Re1 {[%emt 0:00:11]} a5 {[%emt 0:00:08]} 29. Qxc8 {[%emt 0:00:03]} Qxc8 {[%emt 0:00:02]} 30. e8=Q+ {[%emt 0:00:00]} Qxe8 {[%emt 0:00:01]} 31. Rxe8+ {[%emt 0:00:00]} Bf8 {[%emt 0:00:01]} 32. Rxf8+ {[%emt 0:00:00]} Kg7 {[%emt 0:00:01]} 33. Rb8 {[%emt 0:00:05]} a4 {[%emt 0:00:01]} 34. Rxb6 {[%emt 0:00:01]} a3 {[%emt 0:00:01]} 35. Rb7+ {[%emt 0:00:00]} Kh6 {[%emt 0:00:02]} 36. Ra7 {[%emt 0:00:00]} f5 {[%emt 0:00:02]} 37. Rxa3 {[%emt 0:00:02]} g5 {[%emt 0:00:01]} 38. Ra6+ {[%emt 0:00:02]} Kh5 {[%emt 0:00:01]} 39. Bf7# {[%emt 0:00:01] (Lag: Av=0.59s, max=1.0s)} 1-0